000 01064nam0a2200313 4500
001 RU\NLR\BIBL_A\011116817
005 20260409072304.0
010 _a978-5-906652-90-4
_95000
021 _aRU
_b2016-29365
_91891
035 _a(NLR Aleph) 011116817
035 _a(NILC)RuMoRGB-008276857
090 _a11496477
_c11496477
100 _a20160428d2016 u y0rusy50 ca
101 0 _arus
102 _aRU
105 _ay|||w||||||y|
200 1 _aРусские святые о грехах, покаянии и исповеди
_eо спасении души и перенесении всякой скорби, гнева и нужды
210 _aМосква
_cКовчег
_d2016
215 _a271, [1] с.
_d18
320 _aБиблиогр. в конце кн.
606 _aГрех (религ.)
_3RU\NLR\AUTH\66993402
_91581792
686 2 _aЭ372.24-433.222
801 0 _aRU
_bРГБ
_c20160412
_gRCR
942 _cBOOK
980 _aNBR
980 _aNB